000 00620nam a2200229Ia 4500
003 OSt
005 20220918192647.0
006 a|||||r|||| 00| 0
007 ta
008 220917b |||||||| |||| 00| 0 eng d
024 _a69,467
037 _cTextual
040 _aARTS
_cARTS
_beng
041 _2eng
_aeng
082 _aQ4:367, L7
100 _aAvlon Arthur ed
_979693
245 0 _aMahanirvana Tantra comm by Hariharanand a Bharati
260 _adelhi
_bmotilal banarasidass
_c1977
650 _aRELIGION
942 _hQ4:367, L7
_cTEXL
_2CC
999 _c195613
_d195613